The concise Oxford Dictionary of Current English

Guardat en:
Dades bibliogràfiques
Autor principal: Sykes, J. B.
Format: Llibre
Idioma:Undetermined
Publicat: Oxford, Estados Unidos Oxford University Press 1982
Edició:6
Matèries:
Etiquetes: Afegir etiqueta
Sense etiquetes, Sigues el primer a etiquetar aquest registre!

MARC

LEADER 00000nam a2200000Ia 4500
008 170316s9999 xx 000 0 und d
040 |a cru BVZT 
090 |a REF 
100 |a Sykes, J. B. 
245 4 |a The concise Oxford Dictionary of Current English 
250 |a 6 
260 |a Oxford, Estados Unidos 
260 |b Oxford University Press 
260 |c 1982 
300 |a 1368 páginas 
650 |a REFERENCIA 
942 |c REF 
999 |c 14720  |d 14720